000 00899cam a2200265 i 4500
001 3467
003 Mx-PuUPA
005 20250618105855.0
008 140415s1961 mx a gr 000 0 spa d
040 _aMx-PuUPA
_bspa
_cMx-PuUPA
_dMx-PuUPA
_erda
041 0 _aspa
100 1 _aJaquez, Jesús David,
_eautor
_917193
245 1 3 _aEl perene milagro guadalupano :
_b(la Virgen de Juan Diego) /
_cJesús David Jaquez
250 _aPrimera edición
264 1 _aMéxico, D.F. :
_bEdiciones Botas,
_c1993.
300 _a306 páginas :
_bilustraciones ;
_c20 cm
336 _2rdacontent
_atexto
_btxt
337 _2rdamedia
_asin medio
_bn
338 _2rdacarrier
_avolumen
_bnc
600 0 4 _aGuadalupe, Nuestra Señora
_xApariciones y milagros
600 0 4 _aVirgen María
_xApariciones y milagros
942 _2ddc
_cLI
_h232.917
_iJ36
999 _c3467
_d3467